Štyri rozmery vzdelávania ako východisko k tvorbe kurikula

Bibliographic Details
Main Authors: Ganajová, Mária (Author), Kireš, Marián, 1969- (Author)
Format: Article
Language:Slovak
PhysicalDescription:Obrázky
ISSN:1338-2845
Subjects:

MARC

LEADER 00000nab a2200000 4500
001 vtls012081158
003 SK-MaSNL
005 20260303183237.0
008 211216|2021 xo |||| ||an ||00 0|slo
015 |a SNBRB2021/12 
040 |a SPKCL  |b slo  |e rda 
041 |a slo  |b slo 
044 |a xo  |c SK 
072 7 |a 37.09  |x Organizácia výučby a vzdelávanie  |2 konspekt 
080 |a 37.091.2  |2 2011 
100 1 |a Ganajová, Mária  |4 aut  |9 1212290 
245 1 0 |a Štyri rozmery vzdelávania ako východisko k tvorbe kurikula  |c Mária Ganajová, Marián Kireš 
300 |b Obrázky 
336 |a text  |b txt  |2 rdacontent 
337 |a bez média  |b n  |2 rdamedia 
338 |a zväzok  |b nc  |2 rdacarrier 
504 |a Obsahuje bibliografiu 
546 |a Slovenské resumé 
650 0 7 |a kurikulum  |2 SNKPH  |9 68823 
650 0 7 |a základné školy  |2 SNKPH  |9 1280 
700 1 |a Kireš, Marián,  |d 1969-  |4 aut  |9 233255 
773 0 |t Didaktika  |g Roč. 2, č. 6 (2021), s. 16-19  |x 1338-2845 
958 |a NB 
999 |c 2119921  |d 2121851